01759nam a2200493 i 450000100060000000300090000600500170001500800390003201500180007102000150008903500230010403500360012703500140016303500210017703500170019803500230021503500440023804000280028204600090031008000150031908000120033424501490034625000150049526000610051030000570057133600270062833700540065533800280070938000160073738000270075338500390078038800100081950400350082965000280086465500350089265800150092770000350094270000380097770000310101570000270104670000470107371000470112085600980116744952KOSZ 00520230417101541.0230414s2004 pl a f 000 0 pol aUWD 2004/9136 a8373351337 a991023221519705066 a(PL-WaBN)b16258228-48omnis_nlop ab16258228 a(OCoLC)749544106 azz2004966407 a(PL)b0000001625822 a(EXLNZ-48OMNIS_NETWORK)9910342593405606 aWA NcWA NdKOSZ 005/RW k2004 a519.61/.64 a(075.8)00aMetody numeryczne /cJerzy Klamka, Zbigniew Ogonowski, Michał Jamicki, Mariusz Stasik ; [recenzent prof. dr hab. inż. Andrzej Królikowski]. aWydanie 2. aGliwice :bWydawnictwo Politechniki Śląskiej,c2004. a180, [2] stron :brysunki, tabele, wykresy ;c24 cm. aTekstbtxt2rdacontent aBez urządzenia pośredniczącegobn2rdamedia aWoluminbnc2rdacarrier aKsiążki aPublikacje dydaktyczne mPoziom nauczaniaaSzkoły wyższe1 a2001- aBibliografia na stronie [181]. 7aAnaliza numeryczna2DBN 7aPodręczniki akademickie2DBN aMatematyka1 aKlamka, Jerzyd(1944- )eAutor1 aJamicki, Michałd(1972- )eAutor1 aOgonowski, ZbignieweAutor1 aStasik, MariuszeAutor1 aKrólikowski, Andrzejd(1945- )eRecenzja2 aWydawnictwo Politechniki Śląskiej4pbl uhttp://koha.tu.koszalin.pl/cgi-bin/koha/opac-detail.pl?biblionumber=44952yKatalog online BPK